Pays de H à L - Statistiques

Statistiques générales
  • Ce quiz a été pris 112 fois
  • Le résultat moyen est 23 sur 29
Statistiques - réponses
Par images Réponse % Correct
Israël
99%
Japon
91%
Honduras
88%
Inde
88%
Irak
87%
Liban
87%
Luxembourg
87%
Italie
86%
Jamaïque
86%
Irlande
85%
Islande
85%
Iran
82%
Kenya
82%
Kosovo
81%
Lettonie
81%
Hongrie
80%
Kazakhstan
80%
Indonésie
77%
Liberia
76%
Laos
75%
Lituanie
73%
Koweït
70%
Lesotho
70%
Liechtenstein
70%
Haïti
69%
Kirghizistan
67%
Libye
67%
Jordanie
65%
Kiribati
60%
Aucun quiz correspondant
Distribution des résultats
% des personnes avec chaque résultat
Percentile par nombre de réponses
Votre historique - résultats
Vous n’avez pas pris ce quiz